ბათუმის შოთა რუსთაველის სახელმწიფო უნივერსიტეტის ბიბლიოთეკა

მიკრობიოლოგია (ბიბ.ჩანაწერი № 44407)

000 -ლიდერი
ფიქსირებული სიგრძის საკონტროლო ველი 00941nam a2200205Ia 4500
001 - საკონტროლო ნომერი
საკონტროლო ველი 11173
003 - საკონტროლო ნომრის იდენტიფიკატორი
საკონტროლო ველი GE_BSU
005 - ბოლო ოპერაციის თარიღი და დრო
საკონტროლო ველი 20251226151056.0
008 - ფიქსირებული სიგრძის მონაცემთა ელემენტები - ზოგადი ინფორმაცია
ფიქსირებული სიგრძის საკონტროლო ველი 181216s1984||||ge |||||||||||||| ||geo||
040 ## - კატალოგიზაციის წყარო
Transcribing agency GE_BSU
041 ## - ენის კოდი
Language code of text/sound track or separate title geo
080 ## - უნივერსალური ათობითი კლასიფიკაციის ინდექსი
Universal Decimal Classification number 579(075.8) წ-56
100 ## - მთავარი ჩანაწერი - პიროვნების სახელი
Personal name წილოსანი გ.
9 (RLIN) 26609
245 ## - ცნობა სათაურის შესახებ
Title მიკრობიოლოგია
Remainder of title სახელმძღვ. ბიოლოგიის ფაკულტეტის სტუდენტებისათვის /
Statement of responsibility, etc გ.წილოსანი, რედ. გ. კაციტაძე
264 ## - წარმოების, გამოცემის, დისტრიბუციის და სხვა ცნობები
გამოცემის, წარმოების, დისტრიბუციის... ადგილი თბილისი:
გამოცემის, წარმოების, დისტრიბუციის... სახელწოდება თბილისის უნ–ტის გამ–ბა,
გამოცემის, წარმოების, დისტრიბუციის... თარიღი 1984.
300 ## - ფიზიკური აღწერა
Extent 546 გვ.:
Other physical details ილ;საძიებელი გვ.541-544.
Dimensions .22 სმ.
653 ## - INDEX TERM--UNCONTROLLED
Uncontrolled term მიკრობიოლოგია
700 ## - ADDED ENTRY--PERSONAL NAME
Personal name კაციტაძე, გ.
Relator term რედაქტორი
9 (RLIN) 26619
942 ## - ADDED ENTRY ELEMENTS (KOHA)
Koha item type წიგნი
Source of classification or shelving scheme
ეგზემპლარები
ჩამოწერის სტატუსი დაკარგული ეგზემპლარის სტატუსი კლასიფიკაციის წყარო ან თაროზე გაწყობის სქემა დაზიანების სტატუსი არ გაიცემა მუდმივი მდებარეობა (დაცვის ადგილი) ამჟამინდელი ადგილსამყოფელი თაროზე განთავსების ადგილი შეძენის თარიღი ღირებულება, შესყიდვის ნორმალური ფასი სრული შენახვის შიფრი შტრიხკოდი ბოლო ოპერაციის თარიღი ეგზემპლარის მიმდევრობითი ნომერი (კეტერი?) ფასის ძალაში შესვლის თარიღი ეგზემპლარის სახეობა საჯარო შენიშვნა
          აგრარული და მემბრანული ტექნოლოგიების ინსტიტუტის ბიბლიოთეკა აგრარული და მემბრანული ტექნოლოგიების ინსტიტუტის ბიბლიოთეკა წიგნის კალათა 2018-12-17 3.00 579(075.8) წ-56 19031 2018-12-17 19031 2018-12-17 წიგნი 3ლ.40თ.